Análisis instrumental
Saved in:
| Main Authors: | , |
|---|---|
| Format: | Bog |
| Sprog: | spansk |
| Udgivet: |
Ciudad de México
McGraw-Hill
1989
|
| Udgivelse: | 2a. ed |
| Fag: | |
| Tags: |
Tilføj Tag
Ingen Tags, Vær først til at tagge denne postø!
|
MARC
| LEADER | 00000nam a2200000 a 4500 | ||
|---|---|---|---|
| 001 | UCW2105 | ||
| 003 | CL-VaPUC | ||
| 008 | 910916e19890000MX |||||||||||||||||spa|d | ||
| 082 | 0 | 4 | |a 543.08 |b SKO |2 21 |
| 100 | 0 | |a Skoog, Douglas A |e author |9 306061 | |
| 700 | 0 | |a West, Donald M |e author |9 306062 | |
| 245 | 1 | 0 | |a Análisis instrumental |
| 250 | |a 2a. ed | ||
| 300 | |a 806 p | ||
| 942 | |c BK | ||
| 945 | |d 19910916 00:00:00 |a mfernand | ||
| 260 | |a Ciudad de México |b McGraw-Hill |c 1989 | ||
| 650 | 0 | |a Análisis instrumental |9 271773 | |
| 650 | 0 | |a Química |9 259896 | |
| 583 | |a last modification |c 20171031 11:00:09 |k Rodrigo Vera | ||
| 999 | |c 216737 |d 216735 | ||
| 952 | |0 0 |1 0 |4 0 |6 543_080000000000000_SKO_1989 |7 0 |8 A |9 202827 |a BIBCUR |b BIBCUR |d 2019-11-14 |i 2701502 |o 543.08 SKO 1989 |p 2701502 |r 2025-04-22 |w 2019-11-14 |y BK |k QUI | ||
| 952 | |0 0 |1 0 |4 0 |6 543_080000000000000_SKO_1989 |7 0 |8 A |9 202828 |a BIBCUR |b BIBCUR |d 2019-11-14 |i 3075575 |o 543.08 SKO 1989 |p 3075575 |r 2025-04-22 |w 2019-11-14 |y BK |k BCB | ||
| 952 | |0 0 |1 0 |4 0 |6 543_080000000000000_SKO_1989 |7 0 |8 A |9 202829 |a BIBCUR |b BIBCUR |d 2019-11-14 |i 3178986 |o 543.08 SKO 1989 |p 3178986 |r 2025-04-22 |w 2019-11-14 |y BK |k BCB | ||
| 952 | |0 0 |1 0 |4 0 |6 543_080000000000000_SKO_1989 |7 0 |8 A |9 202830 |a BIBING |b BIBING |d 2019-11-14 |i 165506K |o 543.08 SKO 1989 |p 165506K |r 2023-03-02 |w 2019-11-14 |y BK |k EIQ | ||
| 952 | |0 0 |1 0 |4 0 |6 543_080000000000000_SKO_1989 |7 0 |8 A |9 202831 |a BIBING |b BIBING |d 2019-11-14 |i 1650696 |o 543.08 SKO 1989 |p 1650696 |r 2025-01-20 |w 2019-11-14 |y BK |k EIQ | ||